00711 2200241 4500001002100000005001700021008004100038035002400079082001100103090001800114100001600132245010800148250001100256260004200267300002400309500002700333650003300360700002500393850001500418980001500433985000600448999001500454YOGYA-0209000006099420090227035854.0 ind  0010-020900000060994 a499.28 a499.28bSoe B aSOENDORO, M aBahasa kitabpelajaran bahasa Indonesia bagi sekolah lanjutancoleh, M. Soendoro, W.J.S. Peorwadarminta aCet. 3 aJakartabJ.B. Wolters Groningenc1951 a...jilbilusc21 cm aYang diterima : Jil. 1 aBahasa Indonesia - Pelajaran aPoerwadarminta W.J.S aYOPDYOG(B) a06-02-2008 a1 ab000045623